Score 0/15 Timer 02:00
5 Plays Today
Hint Missing Word % Correct
Jehovah's _____Witnesses
94.5%
_____ WoodpeckerWoody
92.9%
_____ GretzkyWayne
91.4%
Call of the _____ - (Sporcle Badge)Wild
88.3%
_____ Cliffs of Dover, UKWhite
82.3%
_____, Texas RangerWalker
81.7%
Battle of _____ KneeWounded
81.3%
_____ and Orville WrightWilbur
78.1%
Hint Missing Word % Correct
Merriam-_____, Inc.Webster
77.7%
Mulled _____ Wine
75.4%
Nintendo _____ UWii
74.6%
_____ Astoria Hotels & ResortsWaldorf
69%
Bob Marley and the _____Wailers
63%
Captain America: The _____ SoldierWinter
61.6%
Johann _____ von GoetheWolfgang
26.4%

Today's Daily Dose

Missing Word
'T' Pairs

Word Ladder
Game Pieces

Get the Picture
Baseball Movies

Remove Ads.
Support Sporcle.
Get the best of Sporcle when you Go Orange. This ad-free experience offers more features, more stats, and more fun while also helping to support Sporcle. Thank you for becoming a member.

You're not logged in!

Compare scores with friends on all Sporcle quizzes.
OR
Log In

Show Comments

Extras

Top Quizzes Today


Score Distribution

Your Account Isn't Verified!

In order to create a playlist on Sporcle, you need to verify the email address you used during registration. Go to your Sporcle Settings to finish the process.

Report this User

Report this user for behavior that violates our Community Guidelines.

Details: